| 000 | 00363nam a2200157Ia 4500 | ||
|---|---|---|---|
| 003 | OSt | ||
| 005 | 20240312123912.0 | ||
| 008 | 170523s9999 xx 000 0 und d | ||
| 020 | _a978-0133987775 | ||
| 040 | _ciimtu meerut | ||
| 100 | _aNELLIS- FLEMING | ||
| 245 | 4 | _aTHE ESSENCE OF STATISTICS FOR BUSINESS | |
| 260 | _bPHI | ||
| 260 | _c2003 | ||
| 942 |
_2ddc _c02 |
||
| 999 |
_c1547 _d1547 |
||